[Event "20th WCh U20 Girls"]
[Site "Panaji IND"]
[Date "2002.12.12"]
[Round "6"]
[White "Helm, Leonie"]
[Black "Pogonina, Natalia"]
[Result "0-1"]
[WhiteElo "2235"]
[BlackElo "2397"]
[EventDate "2002.12.09"]
[PlyCount "78"]

1.e4 c5 2.Nf3 d6 3.d4 cxd4 4.Nxd4 Nf6 5.Nc3 g6 6.Be3 Bg7 7.f3 O-O 8.Qd2 
Nc6 9.Bc4 Bd7 10.O-O-O Rc8 11.Bb3 Ne5 12.Kb1 Nc4 13.Bxc4 Rxc4 14.g4 b5 15.
b3 Rc8 16.Ndxb5 a6 17.Nd4 Qc7 18.Nd5 Nxd5 19.exd5 Qb7 20.Bh6 Bxh6 21.Qxh6 
Rc5 22.h4 Rxd5 23.h5 g5 24.Nf5 Rxf5 25.gxf5 f6 26.f4 g4 27.c4 Bxf5+ 28.Kb2
a5 29.Rd5 a4 30.Rg1 a3+ 31.Kc3 Qd7 32.Ra5 Qe6 33.Kb4 d5 34.Rxd5 Qb6+ 35.
Rb5 Qxg1 36.Rxf5 Qe1+ 37.Kxa3 Ra8+ 38.Kb2 Qd2+ 39.Kb1 Qd3+ 0-1

[Event "20th WCh U20 Girls"]
[Site "Panaji IND"]
[Date "2002.12.12"]
[Round "6"]
[White "Khasanova, Elmira"]
[Black "Zigangirova, Sofya"]
[Result "1/2-1/2"]
[WhiteElo "2325"]
[BlackElo "2241"]
[EventDate "2002.12.09"]
[PlyCount "20"]

1.e4 c5 2.c3 d5 3.exd5 Qxd5 4.d4 cxd4 5.Nf3 Nc6 6.Na3 Bg4 7.Bc4 Bxf3 8.
gxf3 Qe5+ 9.Kf1 O-O-O 10.Bxf7 Nh6 1/2-1/2

[Event "20th WCh U20 Girls"]
[Site "Panaji IND"]
[Date "2002.12.12"]
[Round "6"]
[White "Tsai, Cindy"]
[Black "Calotescu, Ana-Cristina"]
[Result "0-1"]
[WhiteElo "2204"]
[BlackElo "2324"]
[EventDate "2002.12.09"]
[PlyCount "104"]

1.d4 Nf6 2.c4 g6 3.Nc3 Bg7 4.e4 d6 5.f3 O-O 6.Be3 c5 7.d5 e6 8.Nge2 exd5 
9.cxd5 Na6 10.Ng3 Nc7 11.Be2 b5 12.O-O a6 13.e5 dxe5 14.Bxc5 Re8 15.Nge4 
Nfxd5 16.Nd6 Nxc3 17.bxc3 Bf8 18.f4 e4 19.Kh1 Re6 20.Nxe4 Qxd1 21.Bxd1 
Rxe4 22.Bxf8 Kxf8 23.Bf3 Rxf4 24.Bxa8 Rxf1+ 25.Rxf1 Nxa8 26.Rf4 Nb6 27.Rd4
Ke7 28.Kg1 Be6 29.Rd2 Na4 30.Rc2 Kd6 31.Kf2 Kc5 32.Ke3 Kc4 33.Kd2 Nc5 34.
Ke3 Na4 35.Kd2 a5 36.h4 h5 37.Rc1 Kc5 38.Rc2 Nb6 39.Ke2 a4 40.Kd2 Nc4+ 41.
Kc1 a3 42.Re2 Nb6 43.Re5+ Kc6 44.Kb1 Na4 45.Re3 Kc5 46.g3 Kc4 47.Kc2 Bf5+ 
48.Kd2 Nc5 49.Re7 Ne4+ 50.Kc1 Nxc3 51.Rc7+ Kd4 52.Ra7 Nxa2+ 0-1

[Event "20th WCh U20 Girls"]
[Site "Panaji IND"]
[Date "2002.12.12"]
[Round "6"]
[White "Priya Panneer, Ramachandran"]
[Black "Jackova, Jana"]
[Result "1-0"]
[WhiteElo "2106"]
[BlackElo "2361"]
[EventDate "2002.12.09"]
[PlyCount "105"]

1.e4 e5 2.Bc4 Nf6 3.d3 c6 4.Nf3 d5 5.exd5 cxd5 6.Bb3 Bb4+ 7.c3 Bd6 8.O-O 
O-O 9.Bg5 Be6 10.Re1 Nc6 11.Ba4 Qc7 12.Nbd2 Nd7 13.Bh4 f6 14.Bb3 Rae8 15.
h3 Kh8 16.Bg3 Ne7 17.Rc1 Nc5 18.Bc2 Ng6 19.d4 Nd7 20.Bxg6 hxg6 21.Nh4 Kh7 
22.dxe5 Bxe5 23.Bxe5 fxe5 24.Ndf3 Qd8 25.Qd2 Qf6 26.Ng5+ Kh8 27.Nxe6 Qxe6 
28.Qg5 Rf6 29.Re3 e4 30.f4 Kh7 31.g4 Kg8 32.f5 gxf5 33.gxf5 Qf7 34.Rc2 Ne5
35.Rg2 Kf8 36.Rf2 Ke7 37.Rg2 Rg8 38.Qf4 Nd7 39.c4 Kd8 40.cxd5 Qxd5 41.Rxe4
g5 42.Qf3 Qxa2 43.Reg4 Qb1+ 44.Kh2 Qe1 45.Qxb7 Qe5+ 46.Kh1 Rd6 47.Qa8+ Kc7
48.Qxg8 gxh4 49.Rc2+ Kb7 50.Qc8+ Kb6 51.Qc7+ Kb5 52.Qc4+ Kb6 53.Qb3+ 1-0

[Event "20th WCh U20 Girls"]
[Site "Panaji IND"]
[Date "2002.12.12"]
[Round "6"]
[White "Tian Tian"]
[Black "Bjerke, Silje"]
[Result "1/2-1/2"]
[WhiteElo "2311"]
[BlackElo "2065"]
[EventDate "2002.12.09"]
[PlyCount "38"]

1.e4 e6 2.d4 d5 3.Nc3 Bb4 4.e5 c5 5.a3 Bxc3+ 6.bxc3 Qc7 7.Nf3 b6 8.Bb5+ 
Bd7 9.Be2 Ba4 10.Bd3 cxd4 11.cxd4 Qc3+ 12.Bd2 Qxd3 13.cxd3 Bxd1 14.Kxd1 
Nc6 15.Ke2 Nge7 16.Rhc1 Kd7 17.g4 Nxd4+ 18.Kd1 Ne2 19.Kc2 Nc6 1/2-1/2

[Event "20th WCh U20 Girls"]
[Site "Panaji IND"]
[Date "2002.12.12"]
[Round "6"]
[White "Savic, Marijana"]
[Black "Prathiba, Yuvarajan"]
[Result "1-0"]
[WhiteElo "2141"]
[BlackElo "2223"]
[EventDate "2002.12.09"]
[PlyCount "85"]

1.e4 e6 2.d3 d5 3.Nd2 c5 4.Ngf3 Nc6 5.g3 Bd6 6.Bg2 Nge7 7.O-O O-O 8.Nh4 d4
9.f4 f6 10.a4 e5 11.Nc4 Bc7 12.f5 Bd7 13.g4 Nc8 14.Nf3 Nd6 15.Nxd6 Bxd6 
16.g5 fxg5 17.Nxg5 Qe8 18.Rf3 h6 19.Nh3 Qh5 20.Qf1 Be7 21.Rg3 Rf6 22.Bf3 
Qf7 23.Qg2 Kh8 24.Nf2 Rd6 25.Bd2 Bh4 26.Rg4 Bxf2+ 27.Kxf2 Rg8 28.Rg1 Ne7 
29.Ke2 Bxa4 30.b3 Be8 31.Rh4 b5 32.Qh3 Qf8 33.Bg5 Bd7 34.Qg3 Nc6 35.Bh5 c4
36.Bg6 cxd3+ 37.cxd3 a5 38.f6 Rxf6 39.Bxf6 Qxf6 40.Rf1 Qd6 41.Rf7 Rf8 42.
Rxh6+ Kg8 43.Rh8+ 1-0

[Event "20th WCh U20 Girls"]
[Site "Panaji IND"]
[Date "2002.12.12"]
[Round "6"]
[White "Churun, Polina"]
[Black "Tania, Sachdev"]
[Result "1/2-1/2"]
[WhiteElo "2162"]
[BlackElo "2189"]
[EventDate "2002.12.09"]
[PlyCount "88"]

1.e4 c5 2.Nf3 e6 3.d4 cxd4 4.Nxd4 a6 5.Bd3 Nf6 6.O-O d6 7.Nc3 Be7 8.Qe2 
O-O 9.Kh1 b5 10.a3 Qc7 11.f4 Nbd7 12.Bd2 Bb7 13.Nb3 Rfe8 14.Rae1 e5 15.
fxe5 dxe5 16.Rf3 Nf8 17.Bg5 Rad8 18.Ref1 Ng6 19.Nd2 Rf8 20.Rh3 Bc8 21.Rg3 
Nf4 22.Qf3 N6h5 23.Nd5 Nxg3+ 24.Qxg3 Nxd5 25.Bh6 Bg5 26.Bxg7 Kxg7 27.Qxg5+
Kh8 28.exd5 f5 29.Bxf5 Bxf5 30.Rxf5 Rxf5 31.Qxf5 Qg7 32.Qe6 Qg5 33.Nf3 
Qc1+ 34.Ng1 Qf4 35.Nf3 Qc1+ 36.Ng1 Qf4 37.Nf3 e4 38.Ng1 Qd6 39.Qxe4 Qxd5 
40.Qe7 Qd6 41.Qe4 Qd4 42.Qe7 Qd6 43.Qe4 Qd4 44.Qe7 Qd6 1/2-1/2

[Event "20th WCh U20 Girls"]
[Site "Panaji IND"]
[Date "2002.12.12"]
[Round "6"]
[White "Drljevic, Ljilja"]
[Black "Ubiennykh, Ekaterina"]
[Result "1-0"]
[WhiteElo "2139"]
[BlackElo "2210"]
[EventDate "2002.12.09"]
[PlyCount "53"]

1.e4 e5 2.Nf3 Nc6 3.Nc3 Nf6 4.d4 exd4 5.Nxd4 Bb4 6.Nxc6 bxc6 7.Bd3 d5 8.
exd5 cxd5 9.O-O O-O 10.Bg5 Be7 11.Qf3 c6 12.h3 h6 13.Bh4 Be6 14.Bg3 c5 15.
b3 Qa5 16.Rad1 Qa6 17.Bf5 Qc8 18.Be5 Nh5 19.Qg3 Nxg3 20.Nxd5 Kh8 21.Nxe7 
Nxf5 22.Rfe1 c4 23.Bc3 Nxe7 24.b4 a6 25.a4 Nd5 26.Rb1 Rb8 27.Bd4 1-0

[Event "20th WCh U20 Girls"]
[Site "Panaji IND"]
[Date "2002.12.12"]
[Round "6"]
[White "Nimmy, A. G."]
[Black "Matras, Agnieszka"]
[Result "0-1"]
[WhiteElo "2004"]
[BlackElo "2247"]
[EventDate "2002.12.09"]
[PlyCount "70"]

1.e4 e5 2.Nf3 Nc6 3.Bc4 Nf6 4.Ng5 d5 5.exd5 Na5 6.Bb5+ c6 7.dxc6 bxc6 8.
Be2 h6 9.Nf3 e4 10.Ne5 Bd6 11.Nc4 Nxc4 12.Bxc4 O-O 13.h3 Re8 14.Nc3 Qa5 
15.Ne2 Qg5 16.Kf1 Rb8 17.d4 Qh4 18.Be3 Nd5 19.Qc1 Kh7 20.b3 f5 21.Bxd5 
cxd5 22.Bf4 Rb6 23.Bxd6 Rxd6 24.Qf4 Qf6 25.Qe3 Ba6 26.g3 g5 27.f4 gxf4 28.
gxf4 Rg8 29.Rh2 Qh4 30.Qf2 Rg3 31.Ke1 Bxe2 32.Kxe2 Qh5+ 33.Ke1 Rdg6 34.Rh1
e3 35.Qf1 Rg2 0-1

[Event "20th WCh U20 Girls"]
[Site "Panaji IND"]
[Date "2002.12.12"]
[Round "6"]
[White "Delphin, C."]
[Black "Kasturi, M."]
[Result "1/2-1/2"]
[WhiteElo "2084"]
[BlackElo "2158"]
[EventDate "2002.12.09"]
[PlyCount "79"]

1.e4 e5 2.Nf3 Nf6 3.Nxe5 d6 4.Nf3 Nxe4 5.d4 d5 6.Bd3 Be7 7.O-O Nc6 8.c4 
Nb4 9.Be2 O-O 10.Nc3 Bf5 11.a3 Nxc3 12.bxc3 Nc6 13.c5 Bf6 14.Bf4 b6 15.Bb5
Ne7 16.cxb6 axb6 17.Ne5 Bxe5 18.Bxe5 c6 19.Be2 Ng6 20.Bg3 Qe7 21.a4 Ra5 
22.Re1 Rfa8 23.Qb3 Qd8 24.c4 Be6 25.h3 h6 26.Reb1 dxc4 27.Bxc4 Bxc4 28.
Qxc4 Qd5 29.Qxd5 cxd5 30.Rxb6 Rxa4 31.Rb8+ Rxb8 32.Rxa4 Rb1+ 33.Kh2 Rd1 
34.Rb4 Rd2 35.Kg1 Rd1+ 36.Kh2 Kh7 37.Ra4 Nf8 38.Bd6 Ne6 39.Bc5 Kg6 40.Kg3 
1/2-1/2

[Event "20th WCh U20 Girls"]
[Site "Panaji IND"]
[Date "2002.12.12"]
[Round "6"]
[White "Soumya, Swaminathan"]
[Black "Kurbanova, Maygozel"]
[Result "1-0"]
[WhiteElo "2095"]
[BlackElo "2147"]
[EventDate "2002.12.09"]
[PlyCount "77"]

1.e4 d5 2.exd5 Qxd5 3.Nc3 Qa5 4.d4 Nf6 5.Bc4 c6 6.Bd2 Qb6 7.Bc1 Bf5 8.Nf3 
e6 9.Bb3 Bd6 10.O-O Nbd7 11.h3 h6 12.Re1 O-O-O 13.Qe2 g5 14.Ne5 Rdf8 15.
Be3 Qc7 16.f4 Rhg8 17.fxg5 hxg5 18.g4 Bh7 19.Bf2 Nd5 20.Nxd5 exd5 21.c4 
Re8 22.cxd5 Nxe5 23.dxe5 Bxe5 24.Qd2 Kb8 25.Rad1 Rd8 26.Bxa7+ Ka8 27.Be3 
f6 28.Qg2 Rge8 29.Bf2 Bxb2 30.dxc6 Qxc6 31.Bd5 Rxe1+ 32.Bxe1 Qb6+ 33.Bf2 
Qa5 34.Bxb7+ Kb8 35.Bg3+ Ka7 36.Rxd8 Qxd8 37.Qxb2 Bg8 38.Bf2+ Kb8 39.Bf3+ 
1-0

[Event "20th WCh U20 Girls"]
[Site "Panaji IND"]
[Date "2002.12.12"]
[Round "6"]
[White "Rajadharshini, M."]
[Black "Anoori, Mehul Shah"]
[Result "0-1"]
[WhiteElo "2045"]
[BlackElo "2109"]
[EventDate "2002.12.09"]
[PlyCount "114"]

1.c4 Nf6 2.Nc3 d5 3.cxd5 Nxd5 4.g3 e5 5.Bg2 Be6 6.Nf3 Nc6 7.O-O Be7 8.d4 
Nxc3 9.bxc3 e4 10.Ne1 f5 11.Nc2 O-O 12.f3 exf3 13.exf3 Bf6 14.f4 Na5 15.
Ne3 c6 16.Bd2 Nc4 17.Nxc4 Bxc4 18.Re1 Qd7 19.Be3 Rfe8 20.Qd2 b5 21.Rad1 
Bd5 22.Bf1 Qf7 23.a3 Rad8 24.Bd3 Qh5 25.Be2 Bf3 26.Bxf3 Qxf3 27.Qf2 Qxf2+ 
28.Kxf2 Re4 29.Bc1 Rde8 30.Rxe4 Rxe4 31.d5 cxd5 32.Rxd5 a6 33.Rxf5 Bxc3 
34.Be3 Bd4 35.Bxd4 Rxd4 36.Re5 Rd2+ 37.Re2 Rxe2+ 38.Kxe2 Kf7 39.Kd3 Ke6 
40.Kc3 a5 41.Kd4 b4 42.a4 Kf5 43.h3 g6 44.Kd3 h5 45.Ke3 b3 46.Kd3 b2 47.
Kc2 Ke4 48.Kxb2 Kf3 49.Kc3 Kxg3 50.Kc4 Kxf4 51.Kb5 g5 52.Kxa5 g4 53.hxg4 
h4 54.Kb6 h3 55.a5 h2 56.a6 h1=Q 57.a7 Qa1 0-1

[Event "20th WCh U20 Girls"]
[Site "Panaji IND"]
[Date "2002.12.12"]
[Round "6"]
[White "Vinuthna, N."]
[Black "Nilavoli, Hariharan"]
[Result "1-0"]
[WhiteElo "2089"]
[BlackElo "2064"]
[EventDate "2002.12.09"]
[PlyCount "131"]

1.e4 c5 2.Nf3 e6 3.d3 d5 4.Nbd2 Nc6 5.g3 Nf6 6.Bg2 Be7 7.O-O b6 8.Re1 Bb7 
9.c3 Qc7 10.e5 Nd7 11.Nf1 Ndxe5 12.Nxe5 Nxe5 13.Bf4 Bd6 14.Bxe5 Bxe5 15.
Qh5 Bd6 16.Rxe6+ Kf8 17.Re2 g6 18.Qh6+ Kg8 19.Rae1 Qd7 20.Ne3 Bf8 21.Qf4 
h5 22.c4 dxc4 23.Bxb7 Qxb7 24.dxc4 Bh6 25.Qf6 Bg7 26.Qh4 Bd4 27.Nd5 Kg7 
28.Re7 Qc8 29.Nc7 Bf6 30.Qf4 Bxe7 31.Rxe7 Qf5 32.Qxf5 gxf5 33.Nxa8 Rxa8 
34.Kg2 a6 35.Rb7 b5 36.cxb5 axb5 37.a3 Ra5 38.Rb6 c4 39.Rc6 Ra8 40.Rc5 Rb8
41.Kf3 b4 42.Rxc4 bxa3 43.bxa3 Rb3+ 44.Kf4 Kg6 45.a4 f6 46.h3 Ra3 47.f3 
Rb3 48.g4 fxg4 49.fxg4 Ra3 50.Ke4 Kg5 51.Kd5 f5 52.gxf5 Kxf5 53.Rd4 Ra1 
54.Kd6 Kf6 55.Rf4+ Kg5 56.Re4 Kf6 57.Kc5 Kf5 58.Rb4 Ke5 59.Kb6 Kd6 60.a5 
Rg1 61.a6 Rg8 62.a7 Kd5 63.Kb7 Kc5 64.Rb6 Rg7+ 65.Ka6 Rg2 66.Rb5+ 1-0

[Event "20th WCh U20 Girls"]
[Site "Panaji IND"]
[Date "2002.12.12"]
[Round "6"]
[White "Trujillo Delgado, Dafnae"]
[Black "Priyadarshini, M."]
[Result "0-1"]
[WhiteElo "2036"]
[BlackElo "2097"]
[EventDate "2002.12.09"]
[PlyCount "48"]

1.e4 c6 2.d4 d5 3.exd5 cxd5 4.Bd3 Nc6 5.c3 Nf6 6.Nf3 Bg4 7.Bf4 e6 8.Nbd2 
Bd6 9.Bxd6 Qxd6 10.O-O O-O 11.Re1 Rab8 12.Qc2 b5 13.Ne5 Bh5 14.Re3 b4 15.
Rae1 Rfc8 16.Rh3 bxc3 17.Bxh7+ Kf8 18.bxc3 Nxd4 19.Qd3 Nc6 20.Ndc4 Qc7 21.
Rxh5 dxc4 22.Qf3 Nxe5 23.Rhxe5 Nxh7 24.Qh3 Qxe5 0-1

[Event "20th WCh U20 Girls"]
[Site "Panaji IND"]
[Date "2002.12.12"]
[Round "6"]
[White "Lapinskaite, Sarune"]
[Black "Chandra, Koneru"]
[Result "0-1"]
[WhiteElo "2034"]
[BlackElo "2086"]
[EventDate "2002.12.09"]
[PlyCount "82"]

1.e4 c6 2.d4 d5 3.e5 Bf5 4.Nc3 e6 5.g4 Bg6 6.Nge2 c5 7.h4 cxd4 8.Nxd4 h5 
9.Bb5+ Nd7 10.f4 hxg4 11.f5 Rxh4 12.Rf1 exf5 13.e6 fxe6 14.Nxe6 Qe7 15.Qe2
Nf6 16.Bg5 Kf7 17.Nxd5 Qxe6 18.Qxe6+ Kxe6 19.Nc7+ Kf7 20.Nxa8 Rh2 21.O-O-O
Nc5 22.Bc4+ Ke7 23.Rfe1+ Ne4 24.Nc7 Bf7 25.Nd5+ Bxd5 26.Rxd5 Kf7 27.Rd2+ 
Kg6 28.Rxh2 Nxg5 29.Bd3 Nf3 30.Rhh1 Nxe1 31.Rxe1 Kg5 32.Re5 g6 33.Ra5 g3 
34.Bf1 Ng4 35.Bg2 b6 36.Rd5 Ne3 37.Rd2 Nxg2 38.Rxg2 Kg4 39.Kd1 Kf3 40.Rg1 
Bc5 41.Rf1+ Kg4 0-1

[Event "20th WCh U20 Girls"]
[Site "Panaji IND"]
[Date "2002.12.12"]
[Round "6"]
[White "Nabeela, Farheen"]
[Black "Rajalakshmi, C. V."]
[Result "1-0"]
[WhiteElo "2067"]
[BlackElo "2018"]
[EventDate "2002.12.09"]
[PlyCount "99"]

1.e4 c6 2.d4 d5 3.exd5 cxd5 4.c4 Nf6 5.Nc3 e6 6.Nf3 Bb4 7.cxd5 Nxd5 8.Qc2 
Nc6 9.Bd3 Nf6 10.Be3 O-O 11.O-O Be7 12.a3 h6 13.Rac1 Bd7 14.Qd1 Re8 15.Bb1
Bf8 16.Qd3 g6 17.Rcd1 Bg7 18.Nb5 Rf8 19.Nc3 Ne7 20.Ne5 Nfd5 21.Nxd5 Nxd5 
22.Bc1 Nf6 23.Rfe1 Rc8 24.Qh3 Kh7 25.Bg5 Qe8 26.Qh4 Ng8 27.g4 Ba4 28.Rd2 
Bb3 29.Qh3 Bd5 30.Rdd1 Bf6 31.Bxf6 Nxf6 32.g5 Ng8 33.Ng4 Kg7 34.Nxh6 Qd8 
35.Qh4 Ne7 36.Qf4 Nf5 37.Nxf5+ gxf5 38.Re3 Qc7 39.Re5 f6 40.gxf6+ Rxf6 41.
f3 Rg6+ 42.Kf2 Qd8 43.h4 Bb3 44.Rde1 Rc7 45.h5 Qg5 46.Qh2 Qd2+ 47.R5e2 
Qxd4+ 48.Kf1 Rh6 49.Qxc7+ Kf6 50.Qe5+ 1-0

[Event "20th WCh U20 Girls"]
[Site "Panaji IND"]
[Date "2002.12.13"]
[Round "7"]
[White "Humpy, Koneru"]
[Black "Khasanova, Elmira"]
[Result "1/2-1/2"]
[WhiteElo "2484"]
[BlackElo "2325"]
[EventDate "2002.12.09"]
[PlyCount "141"]

1.d4 Nf6 2.Nf3 g6 3.g3 Bg7 4.Bg2 O-O 5.O-O d6 6.c4 Bd7 7.Nc3 Nc6 8.d5 Na5 
9.Nd2 Ne8 10.Qc2 c6 11.b4 Nxc4 12.Nxc4 Rc8 13.Bb2 cxd5 14.Bxd5 e6 15.Bxb7 
Rxc4 16.Bf3 Rxb4 17.Rfc1 Nc7 18.Nd1 Na6 19.Bxg7 Kxg7 20.a3 Rb6 21.Ne3 d5 
22.Ng4 Nb8 23.Qc3+ f6 24.e4 dxe4 25.Bxe4 e5 26.Ne3 Nc6 27.Ra2 Be6 28.Rd2 
Nd4 29.Kg2 f5 30.Qa5 Qb8 31.Bd5 f4 32.gxf4 exf4 33.Qc3 fxe3 34.Qxd4+ Kg8 
35.fxe3 Qd6 36.Bxe6+ Qxe6 37.Rc7 Rf7 38.Qd8+ Rf8 39.Qd4 Rf7 40.Rxf7 Qxf7 
41.Qd8+ Qf8 42.Qc7 Rb8 43.Qxa7 Ra8 44.Qc7 Qxa3 45.Qc4+ Kh8 46.Qd4+ Kg8 47.
Qd5+ Kh8 48.Qe5+ Kg8 49.Qe6+ Kh8 50.Qf6+ Kg8 51.Rd7 Qf8 52.Qe6+ Kh8 53.Rf7
Qh6 54.h4 Rf8 55.Qe5+ Kg8 56.Rd7 Rc8 57.Kg3 Rf8 58.Re7 Rd8 59.Kg2 Rf8 60.
Qd5+ Kh8 61.Qd4+ Kg8 62.Kg3 Rf7 63.Qd5 Qf8 64.Rd7 Kg7 65.Qe5+ Kg8 66.Qe6 
Kg7 67.Qe5+ Kg8 68.Qd5 Kg7 69.Qd4+ Kg8 70.Qd5 Kg7 71.Qe5+ 1/2-1/2

[Event "20th WCh U20 Girls"]
[Site "Panaji IND"]
[Date "2002.12.13"]
[Round "7"]
[White "Zhao Xue"]
[Black "Kosintseva, Tatiana"]
[Result "1-0"]
[WhiteElo "2367"]
[BlackElo "2427"]
[EventDate "2002.12.09"]
[PlyCount "93"]

1.d4 f5 2.c4 Nf6 3.Nf3 g6 4.g3 Bg7 5.Bg2 O-O 6.b4 Ne4 7.Bb2 b6 8.Nfd2 Bb7 
9.Nxe4 Bxe4 10.Bxe4 fxe4 11.Qb3 Nc6 12.e3 e6 13.O-O Qg5 14.Nd2 Nxd4 15.
Bxd4 Bxd4 16.Nxe4 Qf5 17.Rad1 Bg7 18.Nc3 Bxc3 19.Qxc3 d6 20.c5 bxc5 21.
bxc5 d5 22.Rb1 Rab8 23.Rb3 c6 24.Qa5 Rxb3 25.axb3 Qf7 26.Qa6 Qc7 27.Ra1 
Rf7 28.h4 e5 29.e4 d4 30.Qc4 Qd7 31.Kg2 Kg7 32.f3 Rf8 33.Qa6 Rf7 34.b4 h6 
35.b5 cxb5 36.c6 Qd6 37.Qxb5 Qf6 38.Ra3 Rc7 39.Qd5 h5 40.Rb3 Qxc6 41.Qxe5+
Kh7 42.Rb8 Qc2+ 43.Kh3 Rg7 44.Qe8 Kh6 45.Qh8+ Rh7 46.Qf8+ Rg7 47.Rb7 1-0

[Event "20th WCh U20 Girls"]
[Site "Panaji IND"]
[Date "2002.12.13"]
[Round "7"]
[White "Pogonina, Natalia"]
[Black "Wang Yu"]
[Result "1-0"]
[WhiteElo "2397"]
[BlackElo "2368"]
[EventDate "2002.12.09"]
[PlyCount "65"]

1.e4 e5 2.Nf3 Nc6 3.Nc3 Nf6 4.d4 exd4 5.Nxd4 Bb4 6.Nxc6 bxc6 7.Bd3 d5 8.
exd5 cxd5 9.O-O O-O 10.Bg5 c6 11.Na4 h6 12.Bh4 Bd6 13.c3 Bg4 14.f3 Bd7 15.
Kh1 c5 16.Bc2 Rb8 17.Rb1 Bb5 18.Re1 Bc7 19.b4 cxb4 20.cxb4 Qd6 21.Bg3 Qc6 
22.Bxc7 Qxc7 23.Nc5 a5 24.a3 axb4 25.axb4 Qf4 26.g3 Qd6 27.Qd4 Rfe8 28.Bd3
Re7 29.Bxb5 Rxb5 30.Nd3 Kh7 31.Rxe7 Qxe7 32.Re1 Qd6 33.Kg2 1-0

[Event "20th WCh U20 Girls"]
[Site "Panaji IND"]
[Date "2002.12.13"]
[Round "7"]
[White "Kosintseva, Nadezhda"]
[Black "Calotescu, Ana-Cristina"]
[Result "0-1"]
[WhiteElo "2388"]
[BlackElo "2324"]
[EventDate "2002.12.09"]
[PlyCount "66"]

1.e4 c5 2.c3 d5 3.exd5 Qxd5 4.d4 Nf6 5.Be3 cxd4 6.cxd4 e6 7.a3 Nc6 8.Nc3 
Qd6 9.Nf3 Be7 10.Bd3 O-O 11.Qc2 Bd7 12.O-O Rac8 13.Rad1 Rfd8 14.Rfe1 Be8 
15.Qe2 h6 16.Bc1 Bf8 17.Bb1 g6 18.Ba2 Bg7 19.h4 Ne7 20.g3 Nf5 21.Bf4 Qb6 
22.Be5 Ng4 23.Bxg7 Kxg7 24.Rd2 Nf6 25.Qe5 Qd6 26.Red1 Bc6 27.Kh2 h5 28.Bb1
Ne7 29.Ne4 Bxe4 30.Bxe4 Nc6 31.Bxc6 Rxc6 32.Rd3 Rdc8 33.Rc3 Qd7 0-1

[Event "20th WCh U20 Girls"]
[Site "Panaji IND"]
[Date "2002.12.13"]
[Round "7"]
[White "Jackova, Jana"]
[Black "Nilavoli, Hariharan"]
[Result "1-0"]
[WhiteElo "2361"]
[BlackElo "2064"]
[EventDate "2002.12.09"]
[PlyCount "77"]

1.e4 c5 2.Nf3 e6 3.b3 d6 4.Bb2 Nf6 5.Bb5+ Bd7 6.Bxd7+ Nbxd7 7.Qe2 Be7 8.
O-O O-O 9.c4 Qc7 10.Nc3 Ne5 11.Rad1 a6 12.d4 Nxf3+ 13.Qxf3 Nd7 14.Qg3 cxd4
15.Rxd4 Rfd8 16.Rd3 Ne5 17.Re3 Bf8 18.f4 Nc6 19.Kh1 Qd7 20.Qh4 b5 21.Rh3 
h6 22.Qg3 Kh7 23.Qg4 bxc4 24.Na4 e5 25.Qxd7 Rxd7 26.Nb6 Raa7 27.Nxd7 Rxd7 
28.bxc4 Na5 29.Rc1 exf4 30.Rd3 Rb7 31.Ba3 Rb6 32.e5 Nb7 33.exd6 Bxd6 34.
Bxd6 Rxd6 35.Rxd6 Nxd6 36.c5 Nc8 37.c6 Kg6 38.c7 Kf5 39.Rd1 1-0

[Event "20th WCh U20 Girls"]
[Site "Panaji IND"]
[Date "2002.12.13"]
[Round "7"]
[White "Tania, Sachdev"]
[Black "Helm, Leonie"]
[Result "1-0"]
[WhiteElo "2189"]
[BlackElo "2235"]
[EventDate "2002.12.09"]
[PlyCount "82"]

1.e4 c5 2.Nf3 Nc6 3.d4 cxd4 4.Nxd4 Qc7 5.Nc3 e6 6.Be3 a6 7.Bd3 Nf6 8.Nb3 
Bd6 9.h3 Bf4 10.Qf3 Bxe3 11.Qxe3 d6 12.O-O Ne5 13.f4 Ng6 14.a4 O-O 15.a5 
Bd7 16.Na4 Bc6 17.Nb6 Rad8 18.c4 Nd7 19.Nd2 Nxb6 20.axb6 Qe7 21.Nb3 e5 22.
f5 Nf4 23.Bc2 Qg5 24.Qf3 g6 25.Qg4 Qf6 26.Na5 Rc8 27.Kh2 h5 28.Qf3 h4 29.
Qg4 Kh7 30.Rf2 gxf5 31.Qxf5+ Qxf5 32.exf5 Rfe8 33.f6+ Kh6 34.Bf5 Ne6 35.
Rd1 Nd4 36.Bxc8 Rxc8 37.Rfd2 Kg6 38.Rxd4 exd4 39.Rxd4 Kxf6 40.Rxd6+ Ke5 
41.Rxc6 bxc6 1-0

[Event "20th WCh U20 Girls"]
[Site "Panaji IND"]
[Date "2002.12.13"]
[Round "7"]
[White "Anoori, Mehul Shah"]
[Black "Tian Tian"]
[Result "0-1"]
[WhiteElo "2109"]
[BlackElo "2311"]
[EventDate "2002.12.09"]
[PlyCount "132"]

1.Nf3 d5 2.d4 c6 3.e3 Nf6 4.Bd3 Bg4 5.Nbd2 Nbd7 6.c4 e6 7.b3 Bd6 8.Bb2 O-O
9.O-O Re8 10.h3 Bh5 11.Qc2 e5 12.dxe5 Nxe5 13.Nxe5 Bxe5 14.Rfe1 Bxb2 15.
Qxb2 Ne4 16.Nxe4 dxe4 17.Be2 Bg6 18.Rad1 Qg5 19.Bf1 Bf5 20.Kh2 Re6 21.g3 
Rae8 22.c5 h5 23.Rd6 Re5 24.Qd4 Be6 25.b4 Qf5 26.Qd2 Rd5 27.Rxd5 Bxd5 28.
Rc1 Rd8 29.Rd1 Rd7 30.Qc2 Kf8 31.Rd4 h4 32.Kg1 Qe5 33.Kg2 Qf6 34.Kg1 hxg3 
35.fxg3 Re7 36.a3 Re5 37.Bc4 Qg5 38.Qf2 Rf5 39.h4 Qf6 40.Qe1 Bxc4 41.Rxc4 
Qe5 42.Rd4 Rf3 43.Kg2 Kg8 44.Kh2 Qf5 45.Rd2 Qg4 46.Kg2 Kh7 47.Kh2 g5 48.
hxg5 Qxg5 49.Re2 Qg4 50.Rd2 Qg5 51.Re2 Kg8 52.Kg2 Kf8 53.Kh2 Ke8 54.Kg2 
Kd8 55.Qd1+ Kc8 56.Qd6 Qd8 57.Qe5 f5 58.Qe6+ Qd7 59.Qg8+ Kc7 60.Qh8 b6 61.
Qc3 Kb7 62.Kh2 Qd1 63.Re1 Rf2+ 64.Kg1 Qf3 65.Qg7+ Ka6 66.b5+ cxb5 0-1

[Event "20th WCh U20 Girls"]
[Site "Panaji IND"]
[Date "2002.12.13"]
[Round "7"]
[White "Karavade, Eesha"]
[Black "Harika, Dronavalli"]
[Result "1/2-1/2"]
[WhiteElo "2171"]
[BlackElo "2248"]
[EventDate "2002.12.09"]
[PlyCount "40"]

1.e4 c5 2.Nf3 Nc6 3.d4 cxd4 4.Nxd4 Nf6 5.Nc3 e5 6.Ndb5 d6 7.Bg5 a6 8.Na3 
b5 9.Bxf6 gxf6 10.Nd5 f5 11.Bxb5 axb5 12.Nxb5 Ra4 13.b4 Qh4 14.O-O Rg8 15.
c3 Kd8 16.Qxa4 Rxg2+ 17.Kxg2 Qg4+ 18.Kh1 Qf3+ 19.Kg1 Qg4+ 20.Kh1 Qf3+ 
1/2-1/2

[Event "20th WCh U20 Girls"]
[Site "Panaji IND"]
[Date "2002.12.13"]
[Round "7"]
[White "Matras, Agnieszka"]
[Black "Churun, Polina"]
[Result "1-0"]
[WhiteElo "2247"]
[BlackElo "2162"]
[EventDate "2002.12.09"]
[PlyCount "67"]

1.e4 c5 2.Nc3 Nc6 3.f4 d6 4.Nf3 g6 5.Bc4 Bg7 6.d3 e6 7.O-O Nge7 8.Qe1 h6 
9.Qh4 a6 10.a4 Bd7 11.Bd2 Nb4 12.Bb3 Rb8 13.Rae1 Qc7 14.f5 exf5 15.exf5 
Bxf5 16.Ne4 Kf8 17.Qg3 Bxe4 18.Rxe4 Nbd5 19.Nh4 g5 20.Rxe7 Nxe7 21.Rxf7+ 
Ke8 22.Ng6 Be5 23.Qh3 Kd8 24.Rxe7 Qxe7 25.Nxe7 Kxe7 26.Qe6+ Kd8 27.Bc3 Re8
28.Qxh6 Bf4 29.d4 b6 30.dxc5 Be3+ 31.Kf1 Bxc5 32.Qxg5+ Kc8 33.Qf5+ Kd8 34.
Qf6+ 1-0

[Event "20th WCh U20 Girls"]
[Site "Panaji IND"]
[Date "2002.12.13"]
[Round "7"]
[White "Makka, Ioulia"]
[Black "Drljevic, Ljilja"]
[Result "1-0"]
[WhiteElo "2257"]
[BlackElo "2139"]
[EventDate "2002.12.09"]
[PlyCount "41"]

1.e4 d6 2.d4 Nf6 3.Nc3 g6 4.Nf3 Bg7 5.Be3 O-O 6.Qd2 c6 7.Bh6 Qa5 8.Bd3 e5 
9.dxe5 dxe5 10.h4 Nbd7 11.h5 Bxh6 12.Qxh6 Ng4 13.Qg5 Ndf6 14.hxg6 hxg6 15.
Nh4 Nh7 16.Qd2 Qb6 17.f3 Ngf6 18.O-O-O Be6 19.Qh6 Kh8 20.Nf5 Rg8 21.Qxh7+ 
1-0

[Event "20th WCh U20 Girls"]
[Site "Panaji IND"]
[Date "2002.12.13"]
[Round "7"]
[White "Zigangirova, Sofya"]
[Black "Priya Panneer, Ramachandran"]
[Result "1/2-1/2"]
[WhiteElo "2241"]
[BlackElo "2106"]
[EventDate "2002.12.09"]
[PlyCount "43"]

1.e4 e5 2.Nf3 Nf6 3.Nxe5 d6 4.Nf3 Nxe4 5.d4 d5 6.Bd3 Bd6 7.O-O O-O 8.c4 c6
9.Qc2 f5 10.Nc3 Na6 11.a3 Nc7 12.Re1 Kh8 13.c5 Be7 14.Bf4 Ne6 15.Be5 Bf6 
16.Ne2 Bd7 17.Bxf6 Qxf6 18.b4 Be8 19.Qb2 Bh5 20.Ne5 Qg5 21.Ng3 Rae8 22.Bf1
1/2-1/2

[Event "20th WCh U20 Girls"]
[Site "Panaji IND"]
[Date "2002.12.13"]
[Round "7"]
[White "Prathiba, Yuvarajan"]
[Black "Delphin, C."]
[Result "1/2-1/2"]
[WhiteElo "2223"]
[BlackElo "2084"]
[EventDate "2002.12.09"]
[PlyCount "80"]

1.e4 c5 2.Nf3 Nc6 3.d4 cxd4 4.Nxd4 Nf6 5.Nc3 e5 6.Ndb5 d6 7.Bg5 a6 8.Na3 
b5 9.Bxf6 gxf6 10.Nd5 Bg7 11.c3 Ne7 12.Nc2 Nxd5 13.Qxd5 Be6 14.Qc6+ Ke7 
15.Nb4 Qd7 16.Nd5+ Bxd5 17.Qxd5 Qe6 18.Qd3 Rhd8 19.g3 d5 20.exd5 Qxd5 21.
Qxd5 Rxd5 22.Bg2 e4 23.O-O Re5 24.Rfe1 f5 25.g4 fxg4 26.Rxe4 Rxe4 27.Bxe4 
Rd8 28.Bxh7 Rd2 29.Rb1 Kf6 30.Be4 Kg5 31.Kf1 b4 32.cxb4 Rxb2 33.Rxb2 Bxb2 
34.a4 Ba3 35.Bb7 Bxb4 36.Bxa6 Bd6 37.Kg2 Bc7 38.Be2 f5 39.f3 Kf4 40.Bd1 
Bb6 1/2-1/2

[Event "20th WCh U20 Girls"]
[Site "Panaji IND"]
[Date "2002.12.13"]
[Round "7"]
[White "Ubiennykh, Ekaterina"]
[Black "Priyadarshini, M."]
[Result "1-0"]
[WhiteElo "2210"]
[BlackElo "2097"]
[EventDate "2002.12.09"]
[PlyCount "85"]

1.d4 Nf6 2.Nf3 e6 3.c4 Bb4+ 4.Nbd2 O-O 5.e3 d5 6.Bd3 c6 7.O-O Nbd7 8.Qc2 
Bd6 9.e4 dxe4 10.Nxe4 Nxe4 11.Bxe4 f5 12.Bd3 Nf6 13.Re1 Qc7 14.Bd2 g6 15.
h3 Bd7 16.Re2 Nh5 17.c5 Bf4 18.Bc4 Bxd2 19.Qxd2 Nf4 20.Re5 Nd5 21.Rae1 
Rae8 22.Qh6 Rf7 23.Bxd5 cxd5 24.h4 Qc6 25.h5 Rg7 26.Ng5 Ree7 27.Nh3 Qa4 
28.Qe3 Qxa2 29.h6 Rgf7 30.b3 Qa6 31.Ng5 Rf6 32.Rxd5 Qc6 33.Qe5 Rff7 34.Rd6
Qc8 35.Nxf7 Rxf7 36.b4 Qf8 37.d5 exd5 38.Qxd5 Bc6 39.Qd2 Re7 40.Rxe7 Qxe7 
41.Qd4 Qf8 42.Rd8 Be8 43.Rxe8 1-0